Budúcnosť EÚ, rozširovanie EÚ, hranice EÚ

Gespeichert in:
Bibliographische Detailangaben
1. Verfasser: Báráňová-Čiderová, Denisa, 1977-
Körperschaft: Centrum pre európsku politiku
Weitere Verfasser: Svitana, Radoslav, Vetrák, Milan
Format: Buch
Sprache:Slowakisch
Veröffentlicht: Prešov Vydavateľstvo Michala Vaška 2006
Schriftenreihe:Spoločnosť
Schlagworte:
Tags: Tag hinzufügen
Keine Tags, Fügen Sie das erste Tag hinzu!

MARC

LEADER 00000nam$a2200000$$$4500
001 0049116
005 20240502071551.0
020 |a 80-7165-574-0 
041 0 |a slo 
044 |a SK 
245 1 0 |a Budúcnosť EÚ, rozširovanie EÚ, hranice EÚ  |c Denisa Báráňová-Čiderová, Radoslav Svitana, Milan Vetrák 
264 1 |a Prešov  |b Vydavateľstvo Michala Vaška  |c 2006 
300 |a 72 s. 
490 1 |a Spoločnosť 
830 0 |a Spoločnosť 
610 2 0 |a Európska únia 
610 2 0 |a integrácia ekonomická medzinárodná 
610 2 0 |a spolupráca hospodárska medzinárodná 
100 1 |a Báráňová-Čiderová, Denisa, 1977- 
700 1 |a Svitana, Radoslav 
700 1 |a Vetrák, Milan 
710 2 |a Centrum pre európsku politiku